000 01083nam0a2200301 4500
001 RU\NLR\bibl\1257137
005 20250615130030.0
010 _z5-87055
_960
021 _aRU
_b2008-45224
_92500
035 _a(NLR Aleph) 001243160
090 _a271808
_c271808
100 _a20080731d2006 |||y0rusy50 ca
101 0 _arus
102 _aRU
105 _ay |||||||||
200 1 _aПрава работника
_eмонография
_fЕ. В. Бурденко
_gФедер. агентство по образованию, Моск. гос. ун-т дизайна и технологии
210 _aМосква
_cМГУДТ
_d2006
215 _a235 с.
_d21
606 1 _aТрудовые правоотношения
_yРоссийская Федерация
_92286871
_3RU\NLR\AUTH\661369804
686 1 _aХ627
700 1 _aБурденко
_bЕ. В.
_gЕлена Викторовна
_4070
801 0 _aRU
_bNLR
_c20080731
_gRCR
801 1 _aRU
_bNLR
_c20080731
830 _aАвт. по кн.
942 _cBOOK
980 _aNB